=LDR 00000nam 2200000 4500 =001 INLIS000000000046202 =005 20150226100837.0 =006 =007 =008 =020 ##$$a 979-9409-79-9 =035 ##$$0010-021500000000763 =040 ##$$a NBPDMAT =082 ##$$a 372.35 =090 ##$$a 372.35 $b Ari p =245 ##$$a Panduan Olimpiade Sains $c Ari Damari ; Editor, Kiki Taurista =260 ##$$a Surabaya : $b IC $c, 2007 =300 ##$$a iv, 64 hlm. : $b ilus. ; $c 25 cm. =500 ##$$a Bibliografi : hlm. 64 =700 ##$$a Kiki Taurista =990 ##$$a 0001/BPAP-NTB/20142015